Đông Dương hấp hối

Cuốn sách tái hiện một cách chi tiết, sống động hình ảnh quân đội Pháp ở Đông Dương những năm 50 của thế kỷ 20. Khi đó Henri Navarre khá tự tin với chức Tổng Tư lệnh quân đội Pháp tại Đông Dương....

Πλήρης περιγραφή

Αποθηκεύτηκε σε:
Λεπτομέρειες βιβλιογραφικής εγγραφής
Κύριος συγγραφέας: Navarre, Henri
Μορφή: Βιβλίο
Γλώσσα:Undetermined
Έκδοση: Hà Nội Công an Nhân dân 2004
Θέματα:
Ετικέτες: Προσθήκη ετικέτας
Δεν υπάρχουν, Καταχωρήστε ετικέτα πρώτοι!
Thư viện lưu trữ: Trung tâm Học liệu Trường Đại học Cần Thơ
LEADER 00894nam a2200205Ia 4500
001 CTU_95022
008 210402s9999 xx 000 0 und d
020 |c 60000 
082 |a 843.914 
082 |b N321 
100 |a Navarre, Henri 
245 0 |a Đông Dương hấp hối 
245 0 |c Henri Navarre; Phan Thanh Toàn dịch 
260 |a Hà Nội 
260 |b Công an Nhân dân 
260 |c 2004 
520 |a Cuốn sách tái hiện một cách chi tiết, sống động hình ảnh quân đội Pháp ở Đông Dương những năm 50 của thế kỷ 20. Khi đó Henri Navarre khá tự tin với chức Tổng Tư lệnh quân đội Pháp tại Đông Dương. 
650 |a War stories, french ( indochinese),Henrri Navarre 
904 |i Mai Loan 
980 |a Trung tâm Học liệu Trường Đại học Cần Thơ